000 01951nam0a2200337 4500
001 RU\NLR\BIBL_A\021958500
005 20230629163518.0
010 _a978-5-6048313-4-2
021 _aRU
_bКН-П-23-030038
_9КН-П-23-2970
035 _a(NLR Aleph) 021958500
090 _a12310147
_c12310147
100 _a20230607d2022 k y0rusy50 ca
101 0 _arus
102 _aRU
105 _aa|||z|||100zy
181 0 _ai
_baxxe
182 0 _an
200 1 _aАналитический отчет по итогам проведения XVI Международного конгресса-выставки "Молодые профессионалы. Готовим кадры для экономического роста", 15-16 сентября 2022 года
_eXVI международный конгресс-выставка
_fМинистерство просвещения Российской Федерации, Институт развития профессионального образования
203 _aТекст
_bвизуальный
_cнепосредственный
210 _a[Б. м.
_cб. и.]
_d2022
215 _a85 с.
_cцв. ил., табл.
_d30
300 _aДоп. информ. в ссылках QR-кодов
320 _aБиблиогр. в подстроч. примеч.
606 1 _aКадры
_xПодготовка
_jСъезды, совещания и т.п
_2nlr_sh1
_2nlr_sh2
_3RU\NLR\AUTH\6677621
686 1 _aУ24(0)001я431
710 1 2 _a"Молодые профессионалы. Готовим кадры для экономического роста", международный конгресс-выставка
_d16
_f2022
_eп.г.т. Сириус, Краснодарский край
_3RU\NLR\AUTH\880593072
942 _cBOOK
980 _aNB